Hot topics, tough questions / (Record no. 5446)

MARC details
000 -LEADER
fixed length control field 01454cam a2200301 a 4500
001 - CONTROL NUMBER
control field 4000278
003 - CONTROL NUMBER IDENTIFIER
control field GBCCL
005 - DATE AND TIME OF LATEST TRANSACTION
control field 20241126110542.0
008 - FIXED-LENGTH DATA ELEMENTS--GENERAL INFORMATION
fixed length control field 960919s1996 mnu j 000 0 eng
010 ## -
-- 96045770
020 ## - INTERNATIONAL STANDARD BOOK NUMBER
International Standard Book Number 0896935175
040 ## - CATALOGING SOURCE
Original cataloging agency DLC
Transcribing agency DLC
Modifying agency DLC
042 ## -
-- lcac
050 00 -
-- BV4531.2
-- .M94 1996
082 00 - DEWEY DECIMAL CLASSIFICATION NUMBER
Classification number 248.83
Edition information 21
Item number MYE
100 1# - MAIN ENTRY--PERSONAL NAME
Personal name Myers, Bill,
Dates associated with a name 1953-
9 (RLIN) 2798
245 10 - TITLE STATEMENT
Title Hot topics, tough questions /
Statement of responsibility, etc. Bill Myers.
260 ## - PUBLICATION, DISTRIBUTION, ETC.
Place of publication, distribution, etc. Canada :
Name of publisher, distributor, etc. Victor books,
Date of publication, distribution, etc. c1987.
300 ## - PHYSICAL DESCRIPTION
Extent 158p. ;
Dimensions 18 cm.
505 0# - FORMATTED CONTENTS NOTE
Formatted contents note How do I find God's will? -- What is God really like? -- Why do good people suffer? -- Sex: if you love someone, why not? -- Is there a heaven? -- How can I make God more real in my life? -- Is hell for real? -- The media: are we really what we eat? -- Death and suicide -- How can I raise happy parents? -- What about all this occult stuff? -- How come we're so right? -- What's all this new age stuff? -- Wrapping up.
650 #0 - SUBJECT ADDED ENTRY--TOPICAL TERM
Topical term or geographic name entry element Youth
General subdivision Religious life
-- Juvenile literature.
9 (RLIN) 5856
650 #0 - SUBJECT ADDED ENTRY--TOPICAL TERM
Topical term or geographic name entry element Christian life
General subdivision Juvenile literature.
9 (RLIN) 9794
650 #1 - SUBJECT ADDED ENTRY--TOPICAL TERM
Topical term or geographic name entry element Christian life.
9 (RLIN) 183
650 #1 - SUBJECT ADDED ENTRY--TOPICAL TERM
Topical term or geographic name entry element Conduct of life.
9 (RLIN) 524
906 ## - LOCAL DATA ELEMENT F, LDF (RLIN)
a 7
b cbc
c orignew
d 1
e ocip
f 19
g y-gencatlg
942 ## - ADDED ENTRY ELEMENTS (KOHA)
Source of classification or shelving scheme Dewey Decimal Classification
Koha item type Books
Koha issues (borrowed), all copies 4
Holdings
Withdrawn status Lost status Source of classification or shelving scheme Damaged status Not for loan Home library Current Library Shelving location Date acquired Total checkouts Full call number Barcode Date last seen Date last checked out Copy number Price effective from Koha item type
    Dewey Decimal Classification     GRACE BIBLE COLLEGE GRACE BIBLE COLLEGE Ministry & Mission 2018-03-20 1 248.83 MYE 007728 2025-05-01 2018-10-18 c.1 2018-03-20 Books
    Dewey Decimal Classification     GRACE BIBLE COLLEGE GRACE BIBLE COLLEGE Ministry & Mission 2018-04-05   248.83 MYE 007733 2025-05-01   c.2 2018-04-05 Books
    Dewey Decimal Classification     GRACE BIBLE COLLEGE GRACE BIBLE COLLEGE Ministry & Mission 2018-04-17 2 248.83 MYE 007735 2025-05-01 2022-08-09 c.3 2018-04-17 Books
    Dewey Decimal Classification     GRACE BIBLE COLLEGE GRACE BIBLE COLLEGE Ministry & Mission 2018-05-02 1 248.83 MYE 007737 2025-05-01 2020-11-17 c.4 2018-05-02 Books
© Grace Bible College Library 2025